Российский этнограф. 1993, №10: Нганасанское лето (Запись № 4474991)

Подробности
000 -МАРКЕР
контрольное поле 01497nam2a22002531 4500
001 - ИДЕНТИФИКАТОР ЗАПИСИ
контрольное поле RU\NLR\INFOCOMM7\1000078379
005 - ИДЕНТИФИКАТОР ВЕРСИИ
контрольное поле 20250617011639.0
035 ## - ДРУГИЕ СИСТЕМНЫЕ НОМЕРА
Идентификатор записи (NLR Aleph) 002338418
100 ## - ДАННЫЕ ОБЩЕЙ ОБРАБОТКИ
Данные общей обработки 20041014d1993 |||y0rusy50 ca
101 0# - ЯЗЫК РЕСУРСА
Язык текста, звукозаписи и т.д. русский
102 ## - СТРАНА ПУБЛИКАЦИИ ИЛИ ПРОИЗВОДСТВА
Страна публикации Российская Федерация
105 ## - ПОЛЕ КОДИРОВАННЫХ ДАННЫХ: ТЕКСТОВЫЕ МАТЕРИАЛЫ, МОНОГРАФИЧЕСКИЕ
Кодированные данные о монографическом текстовом документе y |||||||||
200 1# - ЗАГЛАВИЕ И СВЕДЕНИЯ ОБ ОТВЕТСТВЕННОСТИ
Основное заглавие Нганасанское лето
Первые сведения об ответственности Ю. Симченко
210 ## - ПУБЛИКАЦИЯ, РАСПРОСТРАНЕНИЕ И ДР.
Дата издания, распространения и т.д. 1993
Место издания, распространения и т.д. Б. м.
461 #0 - УРОВЕНЬ НАБОРА
Встроенное поле 001RU\NLR\INFOCOMM7\1000078370
-- 2001#$aРоссийский этнограф$eЭтнол. альманах$eАнтропология. Культурология. Социология$fРос. акад. наук, Ин-т этнологии и антропологии им. Н.Н.Миклухо-Маклая. Координац.-метод. центр прикл. этнографии. Центр рус. исслед.$v1993, №10
Системный номер (АБИС) связанной записи 4474976
Место публикации М.
Дата публикации 1993-
Первые сведения об ответственности Рос. акад. наук, Ин-т этнологии и антропологии им. Н.Н. Миклухо-Маклая. Координац.-метод. центр прикл. этнографии. Центр рус. исслед.
Сведения, относящиеся к заглавию Этнол. альманах : Антропология. Культурология. Социология
Заглавие Российский этнограф
ISSN 0868-586x
Номер тома 1993, №10
700 #1 - ИМЯ ЛИЦА - ПЕРВИЧНАЯ ОТВЕТСТВЕННОСТЬ
Начальный элемент ввода Симченко
Часть имени, кроме начального элемента ввода Ю.
Код отношения Автор
801 #1 - ИСТОЧНИК ЗАПИСИ
Страна Российская Федерация
Организация InfoComm
Дата составления 20041014
801 #0 - ИСТОЧНИК ЗАПИСИ
Страна Российская Федерация
Организация NLR
Правила каталогизации PSBO
852 ## - МЕСТОНАХОЖДЕНИЕ И ШИФР ХРАНЕНИЯ
Идентификатор организации NLR
Шифр хранения (Call Number) П22/6369
942 ## - ДОПОЛНИТЕЛЬНЫЕ ЭЛЕМЕНТЫ ЗАПИСИ (АБИС)
Тип экземпляра АБИС Выпуск
980 ## - КОЛЛЕКЦИЯ
Название коллекции Национальная библиография
980 ## - КОЛЛЕКЦИЯ
Название коллекции Русская периодика

Нет доступных экземпляров.